LDR 01072naa#a2200169#i#450# 001 RU\FGKOU VO SPBU MVD ROSSII\bibl\110811 005 20260429043141.3 011 ## _a2713-0622 100 ## _a20260428b2026####ek#y0rusy0150####ca 102 ## _aRU 200 1# _aПротиводействие вовлечению несовершеннолетних и молодежи в совершение противоправных деяний экстремистской направленности (на примере г. Санкт-Петербурга и Ленинградской области) _eЖурнальная статья 210 1# _aСанкт-Петербург _cСАНКТ-ПЕТЕРБУРГСКИЙ УНИВЕРСИТЕТ МИНИСТЕРСТВА ВНУТРЕННИХ ДЕЛ РОССИЙСКОЙ ФЕДЕРАЦИИ _d2026 215 ## _a14 с. 608 ## _aЖурнальная статья _2local 675 ## _aОбщие теории преступления и преступности. 343.9.01 _z 700 #1 _aИльин _gИлья Сергеевич 856 4# _avestnikspbmvd.ru _u